| 000 | 00544nam a22001817a 4500 | ||
|---|---|---|---|
| 003 | OSt | ||
| 005 | 20230302101747.0 | ||
| 008 | 221006b |||||||| |||| 00| 0 eng d | ||
| 040 | _cBiblioteca Lado V | ||
| 082 |
_a861.44 _bJ86p |
||
| 110 |
_9780 _aJóvenes Liberales _eautor |
||
| 245 | _aProluego/ | ||
| 300 |
_c8x13cm _a15p. |
||
| 650 |
_2Tesauro de Arte & Arquitectura _aPOESIA |
||
| 650 |
_2Tesauro de Arte & Arquitectura _aARTE |
||
| 650 |
_2Tesauro de Arte & Arquitectura _aCOMIC |
||
| 942 |
_2ddc _c1 _h861.44 _iJ86p _n0 |
||
| 999 |
_c3119 _d3119 |
||